| 000 | 00843nam a2200265 a 4500 | ||
|---|---|---|---|
| 001 | 54023 | ||
| 003 | BD-RjUL | ||
| 005 | 20211209080049.0 | ||
| 008 | 161031s1979 enka|||| b||| 001 0 eng d | ||
| 020 | _a0333156250 | ||
| 035 | _a(BD-RjUL)54145 | ||
| 040 |
_aBD-RjUL _beng _cBD-RjUL |
||
| 041 | _aeng | ||
| 082 |
_223 _a658.152 _bBRP 1979 |
||
| 100 |
_aBriston, Richard J. _9161311 |
||
| 245 | 1 | 2 |
_aA practical approach to business investment decisions / _cR J Briston and Jack Liversidge |
| 260 |
_aLondon : _bThe Macmillan Press, _c1979 |
||
| 300 |
_avii, 234 p. : _bill. ; _c23 cm. |
||
| 504 | _aIncludes Bibliography and index | ||
| 650 |
_aCapital investments _xEvaluation. _9161312 |
||
| 650 |
_aInvestitionsentscheidung _9161313 |
||
| 650 |
_aInvestitionspolitik _9161314 |
||
| 700 |
_aLiversidge, Jack _9161315 |
||
| 942 |
_2ddc _cBK |
||
| 999 |
_c54023 _d54023 |
||